Statistics for The 1975 - It's Not Living (If It's Not With You) Lyrics

Click here to take the quiz!

General Stats

  • This quiz has been taken 30 times
  • The average score is 325 of 366

Answer Stats

Answer% Correct
a
100%
And
100%
and
100%
I
100%
about
95%
all
95%
All
95%
beautiful
95%
do
95%
he
95%
He
95%
if
95%
If
95%
in
95%
is
95%
it
95%
It's
95%
it's
95%
(It's
95%
living
95%
my
95%
not
95%
not)
95%
shoes
95%
sit
95%
some
95%
The
95%
the
95%
then
95%
think
95%
wearing
95%
with
95%
you
95%
you're
95%
asleep
89%
but
89%
But
89%
Collapse
89%
conversations
89%
Danny
89%
during
89%
falls
89%
Got
89%
got
89%
I'm
89%
imagination
89%
know
89%
need
89%
operation
89%
petrol
89%
petrol)
89%
same
89%
says
89%
simulation
89%
situation
89%
station
89%
that
89%
veins
89%
we're
89%
works
89%
worst
89%
began
84%
complications
84%
his
84%
into
84%
knew
84%
news
84%
ran
84%
terrible
84%
thing
84%
what
84%
you'd
84%
brain
79%
can
79%
drink
79%
he's
79%
He's
79%
just
79%
lose
79%
(selling
79%
sly
79%
beat
74%
can't
74%
control
74%
monkey
74%
on
74%
stone
74%
stop
74%
to
74%
true
74%
vacation
74%
when
74%
without
74%
Distract
68%
feet
68%
I'll
68%
street
68%
sweating
68%
twenty
68%
eat
63%
embrace
63%
feel
63%
from
63%
gotta
63%
or
63%
search
63%
choose
58%
feeling
58%
bank
53%
job
53%
replacing
53%
stage
53%
there's
53%
sick
47%
time
42%
drinks
37%
Oh
37%
pack
37%
spent
37%
trying
37%
for
26%
Johnny
26%
me
21%

Score Distribution

Percentile by Number Answered

Percent of People with Each Score

Your Score History

You have not taken this quiz